[Event "IRT de Fin de Año"]
[Site "Banfield ARG"]
[Date "2005.12.16"]
[Round "6.3"]
[White "Claverié, Raúl"]
[Black "Devcic, Marcos"]
[Result "1-0"]
[WhiteElo "2368"]
[BlackElo "2334"]
[PlyCount "101"]
[EventDate "2005.12.11"]
[EventType "tourn"]
[EventRounds "9"]
[EventCountry "ARG"]
[Source "lmi"]
[SourceDate "2005.12.22"]

1. e4 c5 2. Nf3 Nc6 3. g3 e6 4. d3 Nf6 5. Bg2 Be7 6. O-O O-O 7. Qe2 b6 8. Nc3
Bb7 9. e5 Nd5 10. Ne4 f5 11. exf6 Nxf6 12. c3 Qc7 13. Bf4 Qc8 14. Nd6 Bxd6 15.
Bxd6 Rd8 16. Ng5 Nd4 17. cxd4 Bxg2 18. Rfc1 Bd5 19. dxc5 h6 20. Ne4 Nxe4 21.
dxe4 Bc6 22. b4 Qb7 23. f3 b5 24. Qd2 Kh7 25. h4 Rg8 26. Qf4 Rae8 27. a3 Qc8
28. g4 Qd8 29. g5 hxg5 30. Qg4 Rh8 31. Ra2 Kg6 32. Rg2 Rh5 33. Bf4 Qf6 34. Bxg5
Qf7 35. Kf2 Kh7 36. Rcg1 Rf8 37. Be7 Rg8 38. Bf6 g6 39. Qf4 a6 40. Rg5 Rh6 41.
e5 a5 42. bxa5 Bd5 43. a6 Bc6 44. R1g4 Bd5 45. a7 Bc6 46. Kg3 Bd5 47. Qd2 Bc6
48. Qa5 Qf8 49. Qb6 Qf7 50. Qb8 Re8 51. h5 1-0

[Event "IRT de Fin de Año"]
[Site "Banfield ARG"]
[Date "2005.12.16"]
[Round "6.4"]
[White "Montes de Oca, Juan José"]
[Black "Villanueva, Mario"]
[Result "1/2-1/2"]
[WhiteElo "2173"]
[BlackElo "2210"]
[PlyCount "61"]
[EventDate "2005.12.11"]
[EventType "tourn"]
[EventRounds "9"]
[EventCountry "ARG"]
[Source "lmi"]
[SourceDate "2005.12.22"]

1. d4 Nf6 2. Nf3 g6 3. c4 Bg7 4. Nc3 O-O 5. e4 d6 6. Be2 Na6 7. h3 e5 8. dxe5
dxe5 9. Qxd8 Rxd8 10. Be3 c6 11. a3 Nc7 12. O-O Nh5 13. Rfd1 Be6 14. Ng5 Nf4
15. Bf1 b6 16. g3 Nh5 17. Nxe6 Nxe6 18. Rxd8+ Rxd8 19. b4 Nd4 20. Rc1 f5 21.
exf5 gxf5 22. Bg2 f4 23. gxf4 Nxf4 24. Bxf4 exf4 25. Be4 Re8 26. f3 Re5 27. Kf2
Rg5 28. Ne2 Nxe2 29. Kxe2 c5 30. bxc5 bxc5 31. Rb1 1/2-1/2

[Event "IRT de Fin de Año"]
[Site "Banfield ARG"]
[Date "2005.12.16"]
[Round "6.5"]
[White "Arenas, Sergio"]
[Black "Quiroga, Facundo"]
[Result "0-1"]
[WhiteElo "2165"]
[BlackElo "2290"]
[PlyCount "98"]
[EventDate "2005.12.11"]
[EventType "tourn"]
[EventRounds "9"]
[EventCountry "ARG"]
[Source "lmi"]
[SourceDate "2005.12.22"]

1. e4 c5 2. Nf3 d6 3. d3 Nc6 4. g3 g6 5. Bg2 Bg7 6. O-O e6 7. c3 Nf6 8. Re1 O-O
9. d4 cxd4 10. cxd4 d5 11. e5 Ne4 12. Nc3 Nxc3 13. bxc3 Na5 14. Bg5 Qc7 15. Qd2
Nc4 16. Qf4 f5 17. exf6 Qxf4 18. Bxf4 Rxf6 19. Ne5 Nxe5 20. Bxe5 Rf8 21. Bxg7
Kxg7 22. Rab1 Rb8 23. Re5 Bd7 24. Bh3 Kf6 25. Rbe1 Rfe8 26. f4 Rbc8 27. R1e3
Rc6 28. Kf2 b5 29. a3 Ra6 30. g4 Rxa3 31. f5 g5 32. fxe6 Rxe6 33. Rf3+ Kg6 34.
Ref5 Raa6 35. Rf7 Rad6 36. Bf1 Rf6 37. R7xf6+ Rxf6 38. Bd3+ Kg7 39. Rxf6 Kxf6
40. Bxh7 Bxg4 41. Bd3 Bd7 42. Ke3 a5 43. Kd2 g4 44. Ke3 Kg5 45. Be2 b4 46. cxb4
axb4 47. Bd1 Bb5 48. Bb3 Bc4 49. Bc2 Ba2 0-1

[Event "IRT de Fin de Año"]
[Site "Banfield ARG"]
[Date "2005.12.19"]
[Round "7.1"]
[White "Quiroga, Facundo"]
[Black "Dolezal, Cristian"]
[Result "0-1"]
[WhiteElo "2290"]
[BlackElo "2400"]
[PlyCount "44"]
[EventDate "2005.12.11"]
[EventType "tourn"]
[EventRounds "9"]
[EventCountry "ARG"]
[Source "lmi"]
[SourceDate "2005.12.22"]

1. d4 c5 2. d5 d6 3. Nc3 a6 4. a4 g6 5. e4 Bg7 6. Nf3 Bg4 7. Be2 Nd7 8. O-O Qc7
9. Nd2 Bxe2 10. Qxe2 Ngf6 11. Nc4 O-O 12. a5 Rfe8 13. Ra3 e6 14. dxe6 Rxe6 15.
Rd1 Rae8 16. f3 d5 17. Nxd5 Nxd5 18. Rxd5 Bd4+ 19. Be3 Nf6 20. Rg5 h6 21. Rg3
Nh5 22. Rh3 Nf4 0-1

[Event "IRT de Fin de Año"]
[Site "Banfield ARG"]
[Date "2005.12.19"]
[Round "7.2"]
[White "Villanueva, Mario"]
[Black "Arenas, Sergio"]
[Result "1/2-1/2"]
[WhiteElo "2210"]
[BlackElo "2165"]
[PlyCount "60"]
[EventDate "2005.12.11"]
[EventType "tourn"]
[EventRounds "9"]
[EventCountry "ARG"]
[Source "lmi"]
[SourceDate "2005.12.22"]

1. d4 d5 2. c4 Bf5 3. Nc3 e6 4. Nf3 c6 5. Qb3 Qb6 6. c5 Qxb3 7. axb3 Nd7 8. b4
a6 9. b5 cxb5 10. Nxb5 Rc8 11. Nc3 Ngf6 12. b4 Be7 13. Bf4 O-O 14. e3 Nh5 15.
Be2 Nxf4 16. exf4 Be4 17. O-O Bxf3 18. Bxf3 Bf6 19. Rfd1 b6 20. Rxa6 bxc5 21.
bxc5 Nxc5 22. dxc5 Bxc3 23. c6 Rc7 24. f5 Rfc8 25. fxe6 fxe6 26. Rd3 Bf6 27.
Rd1 Rxc6 28. Rxc6 Rxc6 29. Rxd5 Rc1+ 30. Rd1 Rxd1+ 1/2-1/2

[Event "IRT de Fin de Año"]
[Site "Banfield ARG"]
[Date "2005.12.19"]
[Round "7.3"]
[White "Devcic, Marcos"]
[Black "Montes de Oca, Juan José"]
[Result "1-0"]
[WhiteElo "2334"]
[BlackElo "2173"]
[PlyCount "89"]
[EventDate "2005.12.11"]
[EventType "tourn"]
[EventRounds "9"]
[EventCountry "ARG"]
[Source "lmi"]
[SourceDate "2005.12.22"]

1. d4 Nf6 2. Nf3 d6 3. g3 Bg4 4. Bg2 c6 5. c4 Nbd7 6. Nc3 e5 7. h3 Bh5 8. g4
Bg6 9. e3 Be7 10. Nh4 Ng8 11. Nxg6 hxg6 12. Qc2 g5 13. Bd2 Ngf6 14. O-O-O g6
15. Kb1 Qc7 16. d5 c5 17. f4 gxf4 18. exf4 a6 19. Rhf1 O-O-O 20. f5 Rdg8 21.
fxg6 fxg6 22. g5 Nh5 23. Rf7 Qd8 24. Be4 Nf8 25. h4 Qe8 26. Rf3 Ng7 27. Be1 Nh5
28. Bd2 Ng7 29. Rh1 Rh7 30. b4 cxb4 31. Na4 Nh5 32. Bxb4 Nd7 33. Qf2 Kb8 34.
Rb3 Qc8 35. Rc1 Rf8 36. Qe3 Nf4 37. Be1 Nc5 38. Nxc5 Qxc5 39. Qd2 Rc8 40. Bf2
Qc7 41. Qe3 Qc5 42. Qd2 Qc7 43. c5 dxc5 44. d6 Bxd6 45. Bxb7 1-0

[Event "IRT de Fin de Año"]
[Site "Banfield ARG"]
[Date "2005.12.19"]
[Round "7.4"]
[White "Ferro, Ezequiel"]
[Black "Claverié, Raúl"]
[Result "1/2-1/2"]
[WhiteElo "2151"]
[BlackElo "2368"]
[PlyCount "24"]
[EventDate "2005.12.11"]
[EventType "tourn"]
[EventRounds "9"]
[EventCountry "ARG"]
[Source "lmi"]
[SourceDate "2005.12.22"]

1. d4 g6 2. c4 Bg7 3. Nf3 d6 4. e4 Nd7 5. Nc3 a6 6. Be2 e6 7. O-O Ne7 8. Be3 b6
9. Qd2 h6 10. Ne1 Bb7 11. f4 O-O 12. Bf3 b5 1/2-1/2

[Event "IRT de Fin de Año"]
[Site "Banfield ARG"]
[Date "2005.12.19"]
[Round "7.5"]
[White "Dellepiani, Fernando"]
[Black "Antonio, Jorge"]
[Result "1/2-1/2"]
[WhiteElo "2134"]
[BlackElo "2096"]
[PlyCount "30"]
[EventDate "2005.12.11"]
[EventType "tourn"]
[EventRounds "9"]
[EventCountry "ARG"]
[Source "lmi"]
[SourceDate "2005.12.22"]

1. d4 d5 2. Nf3 Nf6 3. g3 c6 4. Bg2 e6 5. O-O Nbd7 6. b3 Be7 7. Bb2 O-O 8. c4
b6 9. Nc3 Bb7 10. Ne5 c5 11. Nxd7 Qxd7 12. dxc5 Bxc5 13. cxd5 exd5 14. Na4 Be7
15. Rc1 Rfd8 1/2-1/2

[Event "IRT de Fin de Año"]
[Site "Banfield ARG"]
[Date "2005.12.20"]
[Round "8.1"]
[White "Dolezal, Cristian"]
[Black "Antonio, Jorge"]
[Result "1/2-1/2"]
[WhiteElo "2400"]
[BlackElo "2096"]
[PlyCount "39"]
[EventDate "2005.12.11"]
[EventType "tourn"]
[EventRounds "9"]
[EventCountry "ARG"]
[Source "lmi"]
[SourceDate "2005.12.22"]

1. e4 d5 2. exd5 Qxd5 3. Nc3 Qa5 4. d4 c6 5. Nf3 Bg4 6. Bc4 e6 7. h3 Bxf3 8.
Qxf3 Nf6 9. Bd2 Qc7 10. O-O-O Nbd7 11. Bf4 Bd6 12. Bxd6 Qxd6 13. Rhe1 O-O 14.
Ne4 Nxe4 15. Qxe4 Nf6 16. Qe5 Qxe5 17. dxe5 Nd5 18. Bxd5 cxd5 19. Re3 Rfc8 20.
Rb3 1/2-1/2

[Event "IRT de Fin de Año"]
[Site "Banfield ARG"]
[Date "2005.12.20"]
[Round "8.2"]
[White "Claverié, Raúl"]
[Black "Dellepiani, Fernando"]
[Result "1/2-1/2"]
[WhiteElo "2368"]
[BlackElo "2134"]
[PlyCount "39"]
[EventDate "2005.12.11"]
[EventType "tourn"]
[EventRounds "9"]
[EventCountry "ARG"]
[Source "lmi"]
[SourceDate "2005.12.22"]

1. e4 d5 2. d3 dxe4 3. dxe4 Qxd1+ 4. Kxd1 Nc6 5. f3 Bd7 6. c3 O-O-O 7. Kc2 f6
8. Be3 e5 9. Nd2 Nge7 10. Ne2 Ng6 11. g3 Be7 12. Nc1 Nf8 13. a4 Ne6 14. Ncb3 h5
15. h4 Kb8 16. a5 Be8 17. Bc4 Bd7 18. f4 g6 19. Nf3 Bd6 20. fxe5 1/2-1/2

[Event "IRT de Fin de Año"]
[Site "Banfield ARG"]
[Date "2005.12.20"]
[Round "8.3"]
[White "Montes de Oca, Juan José"]
[Black "Ferro, Ezequiel"]
[Result "0-1"]
[WhiteElo "2173"]
[BlackElo "2151"]
[PlyCount "79"]
[EventDate "2005.12.11"]
[EventType "tourn"]
[EventRounds "9"]
[EventCountry "ARG"]
[Source "lmi"]
[SourceDate "2005.12.22"]

1. e4 e6 2. d3 d5 3. Nd2 c5 4. Ngf3 Nc6 5. g3 Bd6 6. Bg2 Nge7 7. O-O O-O 8. Re1
f6 9. c3 d4 10. cxd4 cxd4 11. a3 e5 12. Nf1 a5 13. h4 a4 14. N1h2 Be6 15. Nd2
Qd7 16. Rf1 b5 17. h5 Na5 18. f4 exf4 19. gxf4 f5 20. e5 Bc7 21. Bxa8 Rxa8 22.
Qf3 Bd5 23. Qg3 Kh8 24. Nhf3 Rg8 25. Kh2 Nac6 26. Rb1 Qe8 27. Qh3 g5 28. Nxg5
Nxe5 29. Ndf3 Ng4+ 30. Kg1 h6 31. Bd2 hxg5 32. fxg5 Nc6 33. Rbe1 Qb8 34. g6 Bf4
35. Bxf4 Qxf4 36. Nh4 Qd2 37. Nxf5 Nce5 38. Nxd4 Qxb2 39. Rf4 Nxd3 40. Rxg4 0-1

[Event "IRT de Fin de Año"]
[Site "Banfield ARG"]
[Date "2005.12.20"]
[Round "8.4"]
[White "Arenas, Sergio"]
[Black "Devcic, Marcos"]
[Result "1/2-1/2"]
[WhiteElo "2165"]
[BlackElo "2334"]
[PlyCount "30"]
[EventDate "2005.12.11"]
[EventType "tourn"]
[EventRounds "9"]
[EventCountry "ARG"]
[Source "lmi"]
[SourceDate "2005.12.22"]

1. d4 Nf6 2. Nf3 g6 3. c3 Bg7 4. Bg5 d6 5. Nbd2 Nbd7 6. e4 h6 7. Bh4 g5 8. Bg3
Nh5 9. Bd3 e6 10. O-O b6 11. Re1 Bb7 12. a4 a6 13. Qe2 Qe7 14. Nc4 Nxg3 15.
hxg3 Nf6 1/2-1/2

[Event "IRT de Fin de Año"]
[Site "Banfield ARG"]
[Date "2005.12.20"]
[Round "8.5"]
[White "Quiroga, Facundo"]
[Black "Villanueva, Mario"]
[Result "1/2-1/2"]
[WhiteElo "2290"]
[BlackElo "2210"]
[PlyCount "90"]
[EventDate "2005.12.11"]
[EventType "tourn"]
[EventRounds "9"]
[EventCountry "ARG"]
[Source "lmi"]
[SourceDate "2005.12.22"]

1. Nf3 Nf6 2. d4 g6 3. c4 Bg7 4. Nc3 O-O 5. e4 d6 6. Be2 Na6 7. O-O c6 8. e5
dxe5 9. Nxe5 c5 10. Be3 cxd4 11. Bxd4 Nb4 12. a3 Nc2 13. Qxc2 Qxd4 14. Nf3 Qf4
15. Rad1 Bf5 16. Qb3 e6 17. c5 Ne4 18. Nxe4 Bxe4 19. Qc4 Qg4 20. h3 Qf5 21. Nh4
Qe5 22. f4 Qf6 23. Qxe4 Qxh4 24. b4 Qe7 25. Bf3 b6 26. c6 Rad8 27. Qc4 Qc7 28.
Kh1 Bf6 29. Be2 Rxd1 30. Rxd1 Rd8 31. Rxd8+ Bxd8 32. Qd4 Be7 33. Qd7 Qxd7 34.
cxd7 Bd8 35. g4 Kf8 36. Kg2 Ke7 37. Bb5 h6 38. h4 Kd6 39. Kf3 a6 40. Bxa6 Kxd7
41. g5 hxg5 42. fxg5 f5 43. gxf6 Bxf6 44. Kg4 Ke7 45. Bd3 Kf7 1/2-1/2

[Event "IRT de Fin de Año"]
[Site "Banfield ARG"]
[Date "2005.12.21"]
[Round "9.1"]
[White "Villanueva, Mario"]
[Black "Dolezal, Cristian"]
[Result "1-0"]
[WhiteElo "2210"]
[BlackElo "2400"]
[PlyCount "63"]
[EventDate "2005.12.11"]
[EventType "tourn"]
[EventRounds "9"]
[EventCountry "ARG"]
[Source "lmi"]
[SourceDate "2005.12.22"]

1. d4 e6 2. c4 Bb4+ 3. Nc3 b6 4. e4 Bb7 5. Bd3 f5 6. d5 Nf6 7. e5 Ng4 8. Nf3
O-O 9. O-O Na6 10. h3 Nh6 11. Qe2 Nc5 12. a3 Nxd3 13. Qxd3 Bxc3 14. bxc3 Nf7
15. Re1 b5 16. cxb5 Bxd5 17. c4 Be4 18. Qc3 a6 19. a4 Bxf3 20. Qxf3 Qh4 21. Qf4
Qh5 22. Ba3 Rfb8 23. Qd4 axb5 24. axb5 Qg6 25. Be7 f4 26. Qxf4 Rxa1 27. Rxa1
Re8 28. Qd4 h6 29. Qxd7 Nxe5 30. Qxc7 Nf3+ 31. Kh1 Nh4 32. Bxh4 1-0

[Event "IRT de Fin de Año"]
[Site "Banfield ARG"]
[Date "2005.12.21"]
[Round "9.2"]
[White "Devcic, Marcos"]
[Black "Quiroga, Facundo"]
[Result "1/2-1/2"]
[WhiteElo "2334"]
[BlackElo "2290"]
[PlyCount "24"]
[EventDate "2005.12.11"]
[EventType "tourn"]
[EventRounds "9"]
[EventCountry "ARG"]
[Source "lmi"]
[SourceDate "2005.12.22"]

1. d4 Nf6 2. Nf3 e6 3. c4 b6 4. g3 Bb7 5. Bg2 Be7 6. O-O O-O 7. Nc3 Ne4 8. Nxe4
Bxe4 9. Ne1 Bxg2 10. Nxg2 d5 11. Qa4 Qe8 12. Qxe8 Rxe8 1/2-1/2

[Event "IRT de Fin de Año"]
[Site "Banfield ARG"]
[Date "2005.12.21"]
[Round "9.4"]
[White "Dellepiani, Fernando"]
[Black "Montes de Oca, Juan José"]
[Result "1/2-1/2"]
[WhiteElo "2134"]
[BlackElo "2173"]
[PlyCount "34"]
[EventDate "2005.12.11"]
[EventType "tourn"]
[EventRounds "9"]
[EventCountry "ARG"]
[Source "lmi"]
[SourceDate "2005.12.22"]

1. d4 Nf6 2. c4 c5 3. d5 e6 4. Nc3 exd5 5. cxd5 d6 6. e4 g6 7. Nf3 a6 8. a4 Bg4
9. Be2 Bg7 10. h3 Bxf3 11. Bxf3 O-O 12. O-O Nbd7 13. Be2 Re8 14. Qc2 Qc7 15. a5
Rab8 16. Bd2 b5 17. axb6 Qxb6 1/2-1/2

[Event "IRT de Fin de Año"]
[Site "Banfield ARG"]
[Date "2005.12.21"]
[Round "9.5"]
[White "Antonio, Jorge"]
[Black "Claverié, Raúl"]
[Result "0-1"]
[WhiteElo "2096"]
[BlackElo "2368"]
[PlyCount "68"]
[EventDate "2005.12.11"]
[EventType "tourn"]
[EventRounds "9"]
[EventCountry "ARG"]
[Source "lmi"]
[SourceDate "2005.12.22"]

1. d4 g6 2. Nf3 Bg7 3. c4 d6 4. Nc3 Nd7 5. Bg5 h6 6. Bh4 f5 7. e3 g5 8. Bg3 e5
9. dxe5 dxe5 10. h4 g4 11. Nd2 h5 12. Qc2 Ne7 13. b4 a5 14. b5 O-O 15. f4 e4
16. Be2 Nc5 17. O-O a4 18. Rfd1 Qe8 19. Rac1 c6 20. Be1 Be6 21. g3 Qf7 22. Kg2
Rfd8 23. b6 Nd3 24. Rb1 Bxc4 25. Nxc4 Qxc4 26. Bxd3 exd3 27. Qd2 Bxc3 28. Qxc3
Qxc3 29. Bxc3 Nd5 30. Bd2 Ra6 31. Kf2 Kf7 32. Rdc1 Nf6 33. Kg2 Ne4 34. Rd1 Ke6
0-1